Pokemon Type Challenge - Statistics

General Stats
  • This quiz has been taken 17 times
  • The average score is 9 of 16
Answer Stats
Hint Answer % Correct
Water/Normal Bibarel
83%
Water/Steel Empoleon
83%
Fire/Water Volcanion
83%
Electric/Ghost Rotom
75%
Fire/Steel Heatran
67%
Ice/Ghost Froslass
58%
Bug/Ghost Shedinja
58%
Ice/Fairy Alolan Ninetales
50%
Electric/Psychic Alolan Raichu
50%
Bug/Dark Lokix
50%
Dragon/Fairy Mega Altaria
50%
Fighting/Ice Crabominable
42%
Electric/Fire Rotom Heat
42%
Ground/Fighting Great Tusk
33%
Fairy/Fighting Iron Valiant
33%
Ice/Fire Zen Mode Galarian Darmanitan
25%
No matching quizzes found
Score Distribution
Percent of People with Each Score
Percentile by Number Answered
Your Score History
You have not taken this quiz